| Tag |
First Indicator |
Second Indicator |
Subfields |
| LEADER |
00000cam a22000001 4500 |
| 001 |
in00000040681 |
| 005 |
20151007064621.0 |
| 008 |
711124c19641963nyu 00000 eng |
| 010 |
|
|
|a 64010359
|
| 035 |
|
|
|a (OCoLC)00233820
|
| 035 |
|
|
|9 AAE0236AM
|
| 040 |
|
|
|a DLC
|c DLC
|d TXA
|d UtOrBLW
|
| 049 |
|
|
|a TXAM
|c [401865]
|
| 050 |
0 |
0 |
|a HD9000.5
|b .G33
|
| 082 |
0 |
|
|a 338.19
|
| 092 |
|
|
|a 338.19
|b G243n
|
| 100 |
1 |
|
|a Garst, Jonathan.
|
| 245 |
1 |
0 |
|a No need for hunger.
|
| 264 |
|
1 |
|a New York :
|b Random House,
|c [1964]
|
| 264 |
|
4 |
|c [©1963]
|
| 300 |
|
|
|a 182 pages ;
|c 22 cm.
|
| 336 |
|
|
|a text
|b txt
|2 rdacontent
|
| 337 |
|
|
|a unmediated
|b n
|2 rdamedia
|
| 338 |
|
|
|a volume
|b nc
|2 rdacarrier
|
| 650 |
|
0 |
|a Food supply.
|
| 999 |
|
|
|a MARS
|
| 999 |
f |
f |
|s e94b57d9-266d-301f-82f1-eb6dcfb865b6
|i b2cae72e-522c-33ca-8c34-9615dbd977eb
|t 0
|
| 952 |
f |
f |
|p ric
|a Texas A&M University
|b Rellis Campus
|c Joint Library Facility
|d Remote Storage
|t 0
|e HD9000.5 .G33
|h Library of Congress classification
|i unmediated -- volume
|m A14800761726
|
| 998 |
f |
f |
|a HD9000.5 .G33
|t 0
|l Remote Storage
|